[Event "II Festival Lazio Scacchi A Gennaio"]
[Site "Roma ITA"]
[Date "2014.01.03"]
[Round "2"]
[White "Simeone, Giulio"]
[Black "Lanzani, Mario"]
[WhiteElo "2018"]
[BlackElo "2305"]
[Result "0-1"]
[PlyCount "100"]
[EventDate "2014.01.02"]

1. c4 e6 2. e4 d5 3. cxd5 exd5 4. exd5 Nf6 5. Bb5+ Nbd7 6. Nf3 a6 7. Be2 Nxd5
8. O-O Bd6 9. Nc3 Nf4 10. Re1 O-O 11. Bf1 Nf6 12. d3 Bg4 13. Bxf4 Bxf4 14. h3
Bh5 15. Qa4 Qd6 16. Ne4 Nxe4 17. Qxe4 Bg6 18. Qa4 b5 19. Qb3 Bh5 20. d4 Qb6 21.
Re4 Bd6 22. Rae1 Rad8 23. Nh4 Kh8 24. Nf5 Bg6 25. Nxd6 Qxd6 26. Re7 Kg8 27. Qc3
c6 28. Ra7 Qxd4 29. Qxd4 Rxd4 30. Rxa6 Be4 31. g4 f5 32. g5 f4 33. b3 Kf7 34.
a4 bxa4 35. Rxa4 Rxa4 36. bxa4 Bd5 37. a5 Kg6 38. Re7 Rg8 39. h4 Kh5 40. a6
Kxh4 41. Bd3 Kxg5 42. Bxh7 Ra8 43. Bd3 Kf6 44. Rc7 Rh8 45. Kf1 Rh1+ 46. Ke2 Ra1
47. Kd2 g5 48. a7 g4 49. Bc4 Bxc4 50. Rxc6+ Be6 0-1

[Event "II Festival Lazio Scacchi A Gennaio"]
[Site "Roma ITA"]
[Date "2014.01.03"]
[Round "2"]
[White "Albertini, Luca"]
[Black "Trebeschi, Andrea"]
[WhiteElo "2148"]
[BlackElo "2020"]
[Result "1-0"]
[PlyCount "47"]
[EventDate "2014.01.02"]

1. f4 d6 2. e4 c5 3. Nc3 Nc6 4. Nf3 a6 5. d4 cxd4 6. Nxd4 Nf6 7. Nxc6 bxc6 8.
h3 Qc7 9. Bd3 e6 10. O-O Be7 11. Qe2 Nd7 12. Kh1 Nc5 13. Be3 Nxd3 14. cxd3 O-O
15. f5 exf5 16. exf5 f6 17. Rae1 Re8 18. Qh5 Bd7 19. Rf4 Bf8 20. Rh4 h6 21. Ne4
d5 22. Nxf6+ gxf6 23. Rg4+ Kh8 24. Qf7 1-0

[Event "II Festival Lazio Scacchi A Gennaio"]
[Site "Roma ITA"]
[Date "2014.01.03"]
[Round "2"]
[White "Colantuono, Virginia"]
[Black "Wollenweber, Carsten"]
[WhiteElo "1909"]
[BlackElo "2131"]
[Result "1/2-1/2"]
[PlyCount "104"]
[EventDate "2014.01.02"]

1. e4 d6 2. d4 Nf6 3. Nc3 Nc6 4. Nf3 Bg4 5. Be2 e5 6. d5 Ne7 7. Bg5 h6 8. Bxf6
gxf6 9. Nh4 Bd7 10. Bg4 Rg8 11. Bxd7+ Qxd7 12. Qf3 Qg4 13. Qxg4 Rxg4 14. g3 h5
15. O-O-O a6 16. h3 Rg5 17. Rhg1 Bh6 18. Kb1 Kd7 19. Ne2 Rag8 20. c4 f5 21.
exf5 Nxf5 22. Nf3 R5g6 23. Nc3 Bg7 24. Ne4 Bh8 25. c5 Ne7 26. h4 f5 27. Neg5
dxc5 28. Nf7 Rd6 29. Nxd6 Kxd6 30. Ng5 Bf6 31. Nf7+ Kd7 32. Rge1 e4 33. d6 Nc6
34. dxc7+ Bd4 35. Re2 Kxc7 36. Ng5 Re8 37. Nh3 Be5 38. Rc2 b6 39. a3 a5 40. Nf4
Bxf4 41. gxf4 Rg8 42. Rd5 Rg4 43. Rxf5 Rxh4 44. Re2 Nd4 45. Rf7+ Kc6 46. Rxe4
Rh1+ 47. Ka2 a4 48. Rh7 Kb5 49. Rhe7 Rf1 50. R7e5 Nb3 51. Re1 Rxf2 52. Rxh5
Rxf4 1/2-1/2

[Event "II Festival Lazio Scacchi A Gennaio"]
[Site "Roma ITA"]
[Date "2014.01.03"]
[Round "2"]
[White "Pecorari, Marcello"]
[Black "Elia, Alessio"]
[WhiteElo "2032"]
[BlackElo "1891"]
[Result "1-0"]
[PlyCount "71"]
[EventDate "2014.01.02"]

1. e4 d6 2. d4 Nf6 3. Nc3 g6 4. Be3 c6 5. f3 b5 6. Qd2 Nbd7 7. g4 Nb6 8. g5 Nh5
9. d5 b4 10. Qd4 bxc3 11. Qxh8 cxb2 12. Qxb2 Bg7 13. Bd4 Na4 14. Qb4 Bxd4 15.
Qxd4 Qa5+ 16. Qd2 Qxd2+ 17. Kxd2 cxd5 18. Bb5+ Bd7 19. Bxd7+ Kxd7 20. exd5 Nf4
21. Ne2 Nxd5 22. Rab1 Nc5 23. Nc3 Nb6 24. Rb4 Na6 25. Rh4 Rh8 26. Rb1 Nc7 27.
a4 d5 28. Ke2 Kc6 29. Nb5 Nxb5 30. axb5+ Kc5 31. Ra1 Nc8 32. Rb1 d4 33. Kd3 e5
34. Re1 Kd5 35. Rhe4 Re8 36. f4 1-0

[Event "II Festival Lazio Scacchi A Gennaio"]
[Site "Roma ITA"]
[Date "2014.01.03"]
[Round "2"]
[White "Vuelban, Virgilio"]
[Black "Machidon, Cristi"]
[WhiteElo "2304"]
[BlackElo "1877"]
[Result "0-1"]
[PlyCount "102"]
[EventDate "2014.01.02"]

1. e4 e6 2. d4 d5 3. Nc3 Nf6 4. Bg5 dxe4 5. Nxe4 Be7 6. Bxf6 Bxf6 7. Nf3 O-O 8.
Qd3 b6 9. O-O-O Bb7 10. Kb1 Nd7 11. h4 c5 12. Neg5 g6 13. Qe3 h6 14. Ne4 Bxe4
15. Qxe4 cxd4 16. h5 Nc5 17. Qg4 g5 18. Nxd4 Bxd4 19. Rxd4 f5 20. Qd1 Qxd4 21.
Qxd4 Rad8 22. Qe3 Rd1+ 23. Qc1 Rxc1+ 24. Kxc1 Rd8 25. f3 Rd4 26. c3 Rd6 27. Kc2
Kf7 28. b4 Nd7 29. Be2 Nf6 30. c4 Rd4 31. a4 Ke7 32. Kc3 e5 33. Bd3 Rf4 34. Be2
Rd4 35. Ra1 Nxh5 36. a5 Nf4 37. Bf1 Rd6 38. axb6 axb6 39. c5 Rd4 40. Ra7+ Kf6
41. Bc4 b5 42. Bg8 Rd8 43. Bh7 Ne2+ 44. Kb2 Nd4 45. g4 e4 46. Ra6+ Ke5 47. fxe4
fxg4 48. Rxh6 g3 49. Rg6 Nf3 50. c6 g2 51. c7 Rc8 0-1

[Event "II Festival Lazio Scacchi A Gennaio"]
[Site "Roma ITA"]
[Date "2014.01.03"]
[Round "2"]
[White "Pierangeli, Andrea"]
[Black "Puga Villarino, Eloy"]
[WhiteElo "1926"]
[BlackElo "1825"]
[Result "1-0"]
[PlyCount "68"]
[EventDate "2014.01.02"]

1. e4 c6 2. d4 d5 3. Nc3 dxe4 4. Nxe4 Bf5 5. Ng3 Bg6 6. Nf3 Nd7 7. Nh4 Qc7 8.
Nxg6 hxg6 9. Be3 Ngf6 10. h3 O-O-O 11. Qf3 Nd5 12. O-O-O Nxe3 13. fxe3 e6 14.
Ne4 Nb6 15. Bd3 Be7 16. Qxf7 Nd5 17. Qxe6+ Kb8 18. Rhe1 Qa5 19. Bc4 Rhe8 20.
Qxg6 Bh4 21. Re2 Qb4 22. Bxd5 cxd5 23. Nc3 Re7 24. a3 Qa5 25. Kb1 Bf6 26. Qd3
a6 27. Rf1 Rc7 28. Na2 Rc4 29. Rf5 Qc7 30. Nb4 Qf7 31. Ref2 Rc7 32. Qb3 Qe6 33.
Nxd5 Rc6 34. Nxf6 gxf6 1-0

[Event "II Festival Lazio Scacchi A Gennaio"]
[Site "Roma ITA"]
[Date "2014.01.03"]
[Round "2"]
[White "Molinari, Carlo"]
[Black "Castelfranchi, Carlo"]
[WhiteElo "1913"]
[BlackElo "2052"]
[Result "1-0"]
[PlyCount "73"]
[EventDate "2014.01.02"]

1. d4 Nf6 2. Nf3 g6 3. g3 Bg7 4. Bg2 O-O 5. O-O d5 6. Nbd2 c6 7. b3 a5 8. Bb2
Bf5 9. Ne5 Na6 10. a3 Qd6 11. c4 b5 12. c5 Qc7 13. Rc1 Nd7 14. f4 f6 15. Nxd7
Qxd7 16. e4 dxe4 17. Nxe4 Nc7 18. Nf2 Be6 19. Re1 Nd5 20. Qe2 Bf7 21. Bh3 Qc7
22. f5 Bh6 23. fxg6 hxg6 24. Rcd1 f5 25. Rd3 Rfe8 26. Rf3 Bg7 27. Nd3 Nf6 28.
Ne5 Rad8 29. Nxf7 Kxf7 30. Qe6+ Kf8 31. g4 fxg4 32. Bxg4 Rd5 33. Re5 Red8 34.
Rf4 Rxe5 35. dxe5 Ke8 36. Rxf6 Bxf6 37. Qg8# 1-0

[Event "II Festival Lazio Scacchi A Gennaio"]
[Site "Roma ITA"]
[Date "2014.01.03"]
[Round "2"]
[White "Stirpe, Claudio"]
[Black "Medori, Marco"]
[WhiteElo "2037"]
[BlackElo "1914"]
[Result "1-0"]
[PlyCount "95"]
[EventDate "2014.01.02"]

1. d4 Nf6 2. c4 g6 3. Nc3 Bg7 4. e4 d6 5. f3 Nbd7 6. Nh3 e5 7. d5 a5 8. Be3 b6
9. Nf2 Nc5 10. Be2 h5 11. Qd2 Bd7 12. O-O-O Qc8 13. h4 a4 14. Rdg1 Qa6 15. g4
O-O-O 16. Nd3 Nxd3+ 17. Bxd3 Qa5 18. g5 Ne8 19. Nb5 Qxd2+ 20. Kxd2 Kb7 21. Kc3
c6 22. dxc6+ Bxc6 23. Kb4 Ra8 24. Nc3 Nc7 25. Bc2 Bf8 26. Nd5 Nxd5+ 27. cxd5
Bd7 28. Rc1 Be7 29. Bd3 Ra5 30. Ka3 Rha8 31. Bd2 Rc5 32. Bb4 Rxc1 33. Rxc1 b5
34. Bd2 Bd8 35. f4 f6 36. f5 fxg5 37. hxg5 Bb6 38. fxg6 Rg8 39. Rh1 Rxg6 40.
Rxh5 Bc5+ 41. Bb4 Kb6 42. Bc2 Bc8 43. Bxc5+ dxc5 44. b4 cxb4+ 45. Kxb4 Rg7 46.
Bxa4 Bg4 47. Rh6+ Kc7 48. Bxb5 1-0

[Event "II Festival Lazio Scacchi A Gennaio"]
[Site "Roma ITA"]
[Date "2014.01.03"]
[Round "2"]
[White "Barletta, Antonio"]
[Black "Sindoni, Antonio"]
[WhiteElo "1979"]
[BlackElo "1911"]
[Result "1-0"]
[PlyCount "61"]
[EventDate "2014.01.02"]

1. e4 e5 2. Nf3 Nc6 3. Bc4 Nf6 4. d3 Be7 5. c3 O-O 6. O-O d6 7. h3 Na5 8. Bb5
a6 9. Ba4 b5 10. Bc2 c5 11. Nbd2 Bb7 12. Re1 Nc6 13. Nf1 Qc7 14. Ne3 Bd8 15.
Bd2 a5 16. a4 b4 17. Nf5 Ne7 18. N3h4 Nxf5 19. Nxf5 Bc8 20. cxb4 Bxf5 21. exf5
axb4 22. Bb3 Qb7 23. g4 Kh8 24. g5 Ng8 25. Re4 f6 26. Bxg8 Kxg8 27. g6 h6 28.
Rh4 Re8 29. Bxh6 gxh6 30. Rxh6 Re7 31. Qh5 1-0

[Event "II Festival Lazio Scacchi A Gennaio"]
[Site "Roma ITA"]
[Date "2014.01.03"]
[Round "2"]
[White "Rocchi, Federico"]
[Black "Sipione, Luigi"]
[WhiteElo "1878"]
[BlackElo "1970"]
[Result "1-0"]
[PlyCount "115"]
[EventDate "2014.01.02"]

1. c4 f5 2. Nc3 Nf6 3. d3 e5 4. e4 d6 5. g3 Be7 6. Bg2 Nc6 7. Nge2 O-O 8. O-O
fxe4 9. dxe4 Be6 10. Nd5 Qd7 11. Be3 Bg4 12. f3 Bh5 13. Qd2 a5 14. b3 Kh8 15.
a3 Nd8 16. Rac1 b6 17. Nec3 Rb8 18. a4 Nb7 19. Rf2 Nc5 20. Rb1 Rf7 21. Nb5 Nxd5
22. cxd5 Rbf8 23. g4 Bg6 24. Bxc5 dxc5 25. Rd1 Bd6 26. Qe3 Qe7 27. Rdf1 Rf4 28.
h3 Qh4 29. Nxd6 cxd6 30. Qe2 h5 31. Qe3 Qg3 32. Qe2 hxg4 33. fxg4 Qxb3 34. Rxf4
Rxf4 35. Rxf4 exf4 36. e5 dxe5 37. Qxe5 Qe3+ 38. Qxe3 fxe3 39. d6 Be8 40. Bd5
Bd7 41. Kf1 g5 42. Ke2 Kg7 43. Kxe3 Bxa4 44. Ke4 Kf6 45. Ba2 Bc6+ 46. Bd5 Bd7
47. Bg8 a4 48. Bc4 b5 49. Bg8 b4 50. Kd5 b3 51. Kxc5 Ke5 52. Bc4 b2 53. Ba2 Be8
54. Bb1 Bd7 55. Ba2 Be6 56. Bb1 a3 57. d7 a2 58. d8=Q 1-0

[Event "II Festival Lazio Scacchi A Gennaio"]
[Site "Roma ITA"]
[Date "2014.01.03"]
[Round "2"]
[White "Golino, Giovanni"]
[Black "Sabetta, Alessandro"]
[WhiteElo "1874"]
[BlackElo "1962"]
[Result "1/2-1/2"]
[PlyCount "56"]
[EventDate "2014.01.02"]

1. e4 d5 2. exd5 Nf6 3. Nc3 Nxd5 4. Nxd5 Qxd5 5. d4 Nc6 6. Be3 e5 7. dxe5 Qxd1+
8. Rxd1 Nxe5 9. Be2 Be6 10. Nf3 Bd6 11. O-O O-O 12. Rfe1 Nc6 13. Nd4 Nxd4 14.
Bxd4 b6 15. Bf3 Rad8 16. b3 c5 17. Bb2 Bf4 18. g3 Bc7 19. c4 Rxd1 20. Rxd1 Rd8
21. Kg2 f6 22. Bc3 Kf7 23. Rd2 Rxd2 24. Bxd2 Bf5 25. Bd5+ Ke7 26. f4 a5 27. Kf3
Bd6 28. Be4 Ke6 1/2-1/2

[Event "II Festival Lazio Scacchi A Gennaio"]
[Site "Roma ITA"]
[Date "2014.01.03"]
[Round "3"]
[White "Lazic, Miroljub"]
[Black "Albertini, Luca"]
[WhiteElo "2468"]
[BlackElo "2148"]
[Result "1-0"]
[PlyCount "53"]
[EventDate "2014.01.02"]

1. g3 d5 2. Nf3 Nf6 3. Bg2 c6 4. c4 Bg4 5. O-O Bxf3 6. Bxf3 e6 7. b3 h5 8. d4
h4 9. Qd3 Nbd7 10. Bg5 hxg3 11. hxg3 Qc7 12. Nc3 Qa5 13. Bd2 dxc4 14. bxc4 Qf5
15. Qxf5 exf5 16. c5 O-O-O 17. Rfd1 Nb8 18. Bf4 Na6 19. Rab1 Be7 20. Rb3 Rhe8
21. Rdb1 Rxd4 22. Rxb7 Bxc5 23. Bxc6 Bb6 24. Rxf7 Nd7 25. Nb5 Nab8 26. Nxd4
Bxd4 27. Rxb8+ 1-0

[Event "II Festival Lazio Scacchi A Gennaio"]
[Site "Roma ITA"]
[Date "2014.01.03"]
[Round "3"]
[White "Wollenweber, Carsten"]
[Black "Pecorari, Marcello"]
[WhiteElo "2131"]
[BlackElo "2032"]
[Result "1-0"]
[PlyCount "71"]
[EventDate "2014.01.02"]

1. e4 c5 2. Nf3 d6 3. d4 cxd4 4. Nxd4 Nf6 5. Nc3 Nc6 6. Bg5 e6 7. Qd2 a6 8.
O-O-O Bd7 9. f4 b5 10. Bxf6 gxf6 11. f5 Qb6 12. fxe6 fxe6 13. Nxc6 Qxc6 14. Qf4
Be7 15. Rd3 Qc5 16. Rg3 b4 17. Nd1 Rc8 18. Ne3 Bb5 19. Kb1 Kd7 20. Rg7 Qe5 21.
Qh6 f5 22. Qg5 Rhe8 23. Bxb5+ axb5 24. exf5 Kd8 25. Qg3 Bf6 26. Qxe5 Bxe5 27.
Rxh7 Bd4 28. Rd1 e5 29. Nd5 Rf8 30. g4 Rc4 31. h3 Bf2 32. b3 Rd4 33. Rxd4 Bxd4
34. Nxb4 Bc3 35. Nc6+ Kc8 36. Na7+ 1-0

[Event "II Festival Lazio Scacchi A Gennaio"]
[Site "Roma ITA"]
[Date "2014.01.03"]
[Round "3"]
[White "Machidon, Cristi"]
[Black "Colantuono, Virginia"]
[WhiteElo "1877"]
[BlackElo "1909"]
[Result "1-0"]
[PlyCount "105"]
[EventDate "2014.01.02"]

1. d4 Nf6 2. c4 g6 3. Nc3 Bg7 4. e4 d6 5. Nf3 O-O 6. Be2 e5 7. O-O Nc6 8. Be3
exd4 9. Nxd4 Ne5 10. h3 Re8 11. f4 Ned7 12. Bf3 Nc5 13. e5 Nfd7 14. b4 Na6 15.
b5 Nac5 16. Qd2 dxe5 17. Nc6 bxc6 18. Bxc6 exf4 19. Rxf4 Rxe3 20. Qxe3 Ne6 21.
Bxa8 Nxf4 22. Qxf4 Bxc3 23. Rd1 Qe7 24. Qxc7 Qe3+ 25. Kh1 Nb6 26. Bd5 Be6 27.
Bxe6 Qxe6 28. c5 Nc4 29. Qd7 Qe5 30. Qd5 Qf4 31. Qf3 Qe5 32. c6 Ba5 33. Qd5 Qf4
34. Qd4 Qg3 35. Qg4 Qe5 36. Qc8+ Kg7 37. Qd7 Bb6 38. Rf1 Qe6 39. Qxe6 fxe6 40.
c7 Nd6 41. Rc1 Nc8 42. Rd1 Kf6 43. Rd8 Ne7 44. c8=Q Nxc8 45. Rxc8 e5 46. g4 Kg5
47. Rf8 h5 48. gxh5 gxh5 49. Kg2 e4 50. a4 h4 51. Rf7 Bd4 52. a5 Be3 53. Rxa7
1-0

[Event "II Festival Lazio Scacchi A Gennaio"]
[Site "Roma ITA"]
[Date "2014.01.03"]
[Round "3"]
[White "Elia, Alessio"]
[Black "Palermo, Stefano"]
[WhiteElo "1891"]
[BlackElo "2121"]
[Result "1/2-1/2"]
[PlyCount "120"]
[EventDate "2014.01.02"]

1. d4 Nf6 2. Nf3 g6 3. Bg5 Bg7 4. c3 d6 5. Nbd2 Nbd7 6. e4 O-O 7. Bc4 e5 8.
dxe5 dxe5 9. O-O Qe7 10. Qe2 Nc5 11. Rfe1 c6 12. a4 Ne6 13. Be3 Ng4 14. b4 Nxe3
15. Qxe3 Nf4 16. Nb3 Be6 17. Bxe6 Qxe6 18. Nc5 Qg4 19. g3 b6 20. Nd3 Rae8 21.
Rac1 Nh3+ 22. Kg2 f5 23. Ng1 Nxg1 24. Kxg1 f4 25. f3 Qd7 26. Qe2 fxg3 27. hxg3
Rd8 28. Rcd1 Qh3 29. Qg2 Qe6 30. Nc1 Qc4 31. Rxd8 Rxd8 32. Qa2 Qxa2 33. Nxa2
Rd2 34. Nc1 Bh6 35. a5 Kf7 36. axb6 axb6 37. Ne2 Rc2 38. f4 Ke6 39. Kf1 Bg7 40.
Ra1 exf4 41. gxf4 Kd6 42. Ra3 c5 43. Kf2 cxb4 44. cxb4 Rc4 45. e5+ Bxe5 46.
fxe5+ Kxe5 47. Rb3 h5 48. Ng1 g5 49. Nf3+ Kf4 50. Ne1 g4 51. Ng2+ Kg5 52. Ne3
Rf4+ 53. Kg2 Rd4 54. b5 h4 55. Nf1 Kf4 56. Rb2 Ke4 57. Re2+ Kd5 58. Ne3+ Kc5
59. Nf5 Rd5 60. Nxh4 Kxb5 1/2-1/2

[Event "II Festival Lazio Scacchi A Gennaio"]
[Site "Roma ITA"]
[Date "2014.01.03"]
[Round "3"]
[White "Barletta, Antonio"]
[Black "Stirpe, Claudio"]
[WhiteElo "1979"]
[BlackElo "2037"]
[Result "0-1"]
[PlyCount "74"]
[EventDate "2014.01.02"]

1. e4 c5 2. Nc3 Nc6 3. Nge2 g6 4. d4 cxd4 5. Nxd4 Bg7 6. Be3 d6 7. Qd2 Nf6 8.
f3 O-O 9. Bc4 Bd7 10. h4 Qa5 11. Bb3 Rfc8 12. O-O-O Ne5 13. Nde2 Nc4 14. Bxc4
Rxc4 15. Kb1 b5 16. Nd5 Qd8 17. h5 Nxd5 18. Qxd5 Be6 19. Qd2 Rac8 20. Nd4 Bd7
21. hxg6 fxg6 22. Rc1 a5 23. c3 b4 24. cxb4 Rxb4 25. Rxc8 Qxc8 26. a3 Rc4 27.
Qf2 Qb7 28. Rc1 Rc5 29. Qd2 Rxc1+ 30. Qxc1 d5 31. exd5 Qxd5 32. Qd2 a4 33. Ne2
Qb5 34. Nc1 Be6 35. Qb4 Qf5+ 36. Ka1 Qc2 37. g4 Bb3 0-1

[Event "II Festival Lazio Scacchi A Gennaio"]
[Site "Roma ITA"]
[Date "2014.01.03"]
[Round "3"]
[White "Marta, Daniele"]
[Black "Pierangeli, Andrea"]
[WhiteElo "2036"]
[BlackElo "1926"]
[Result "1/2-1/2"]
[PlyCount "124"]
[EventDate "2014.01.02"]

1. d4 Nf6 2. Nf3 g6 3. c4 Bg7 4. e3 d6 5. Be2 O-O 6. O-O Re8 7. b3 Nbd7 8. Bb2
c6 9. Qc2 e5 10. dxe5 dxe5 11. Rd1 Qc7 12. Nc3 Nf8 13. Ng5 Bf5 14. Bd3 Bxd3 15.
Rxd3 h6 16. Nh3 Rad8 17. Rad1 Rxd3 18. Rxd3 Ne6 19. Qd1 Rd8 20. Rxd8+ Nxd8 21.
f3 Qd7 22. Qxd7 Nxd7 23. Nf2 Ne6 24. Kf1 f5 25. Ke2 Kf7 26. b4 Nd8 27. Kd3 Bf8
28. a3 Ke6 29. c5 b6 30. cxb6 axb6 31. Kc4 b5+ 32. Kb3 Nb6 33. Nd3 Nf7 34. Bc1
Nd5 35. e4 Nxc3 36. Kxc3 h5 37. Be3 f4 38. Bf2 g5 39. h3 Be7 40. Kb3 g4 41.
hxg4 hxg4 42. a4 bxa4+ 43. Kxa4 gxf3 44. gxf3 Ng5 45. Ne1 Bd8 46. Bh4 Nf7 47.
Bxd8 Nxd8 48. Kb3 Kd6 49. Kc4 Ne6 50. Nd3 Nd4 51. Nxf4 Nxf3 52. Nh3 Kc7 53. Kc5
Nd2 54. Ng5 Nb3+ 55. Kc4 Nd2+ 56. Kc3 Nf1 57. Nf7 Ng3 58. Kd3 Kb6 59. Nxe5 Kb5
60. Nxc6 Kxc6 61. e5 Kd5 62. b5 Kxe5 1/2-1/2

[Event "II Festival Lazio Scacchi A Gennaio"]
[Site "Roma ITA"]
[Date "2014.01.03"]
[Round "3"]
[White "Trebeschi, Andrea"]
[Black "Molinari, Carlo"]
[WhiteElo "2020"]
[BlackElo "1913"]
[Result "1-0"]
[PlyCount "163"]
[EventDate "2014.01.02"]

1. e4 d6 2. d4 Nf6 3. Nc3 g6 4. h3 Bg7 5. g3 O-O 6. Bg2 c6 7. a4 Qc7 8. Nge2 e5
9. O-O Nbd7 10. Be3 b6 11. g4 Bb7 12. f4 exd4 13. Bxd4 Rad8 14. Ng3 Ba6 15. Rf2
Qb8 16. g5 Ne8 17. Bxg7 Nxg7 18. Qd2 Bb7 19. Rd1 Nc5 20. b4 Na6 21. Na2 d5 22.
e5 Bc8 23. Qe3 Nc7 24. Rfd2 Bf5 25. c3 Nce6 26. Nc1 Qc8 27. Nce2 Qa6 28. Ra1
Qc4 29. Bf1 Qb3 30. Nc1 d4 31. Rxd4 Qc2 32. Rxd8 Rxd8 33. Ra2 Qd1 34. Kf2 Bc2
35. Be2 Rd2 36. Nf1 Rxe2+ 37. Nxe2 Nh5 38. Qd2 Bb3 39. Qxd1 Bxd1 40. Ke3 Bxe2
41. Rxe2 Nhxf4 42. Rd2 Nd5+ 43. Kd3 Nxg5 44. Ne3 Nf4+ 45. Kc2 Nf3 46. Rd8+ Kg7
47. Nc4 b5 48. axb5 cxb5 49. Nd6 Nxh3 50. Nxb5 Nxe5 51. Nxa7 Nf4 52. b5 Ne6 53.
Rd5 Nc4 54. Kb3 Na5+ 55. Kb4 Nb7 56. b6 h5 57. Nc6 h4 58. Kb5 h3 59. Rd3 Nf4
60. Rd1 g5 61. Na5 Ne2 62. Rh1 Nxc3+ 63. Kc4 Nxa5+ 64. Kxc3 g4 65. Kb4 Nb7 66.
Kb5 Nd8 67. Kc5 f5 68. Kd6 Nb7+ 69. Ke5 Kg6 70. Kf4 Nd6 71. Rb1 Nb7 72. Rc1 Nd8
73. Rc8 Ne6+ 74. Kg3 Nc5 75. Rxc5 Kg5 76. b7 h2 77. Kxh2 Kh4 78. Rxf5 g3+ 79.
Kg2 Kg4 80. Rf3 Kh4 81. Rxg3 Kh5 82. b8=Q 1-0

[Event "II Festival Lazio Scacchi A Gennaio"]
[Site "Roma ITA"]
[Date "2014.01.03"]
[Round "3"]
[White "Sabetta, Alessandro"]
[Black "Rocchi, Federico"]
[WhiteElo "1962"]
[BlackElo "1878"]
[Result "1/2-1/2"]
[PlyCount "35"]
[EventDate "2014.01.02"]

1. e4 g6 2. d4 Bg7 3. Nc3 c5 4. d5 d6 5. Be2 Nf6 6. Nf3 O-O 7. O-O Na6 8. Nd2
Nc7 9. a4 e6 10. Nc4 Nxe4 11. Nxe4 exd5 12. Nexd6 dxc4 13. Bxc4 Be6 14. Bxe6
Nxe6 15. c3 Qc7 16. Nb5 Qc6 17. Qc2 a6 18. Na3 1/2-1/2

[Event "II Festival Lazio Scacchi A Gennaio"]
[Site "Roma ITA"]
[Date "2014.01.03"]
[Round "3"]
[White "Castelfranchi, Carlo"]
[Black "Golino, Giovanni"]
[WhiteElo "2052"]
[BlackElo "1874"]
[Result "1-0"]
[PlyCount "71"]
[EventDate "2014.01.02"]

1. e4 e6 2. d4 d5 3. Nd2 Nf6 4. e5 Nfd7 5. Bd3 c5 6. c3 Nc6 7. Ngf3 Qc7 8. O-O
Be7 9. Re1 b6 10. Nf1 h6 11. Ng3 Bb7 12. Bd2 O-O-O 13. b4 c4 14. Bc2 b5 15. a4
bxa4 16. b5 Na5 17. Rxa4 Qb6 18. Qa1 Nb3 19. Qa2 Nxd2 20. Nxd2 Bg5 21. Nf3 Kc7
22. Rb1 Ra8 23. Ra6 Bxa6 24. bxa6 Qc6 25. Rb7+ Kd8 26. Ba4 Qc8 27. Bxd7 Qxd7
28. Qa5+ Ke8 29. Rxd7 Kxd7 30. Qb5+ Kd8 31. Qb7 Rc8 32. Qxa7 Rc7 33. Qb8+ Rc8
34. a7 Kd7 35. Qb7+ Rc7 36. a8=Q 1-0

[Event "II Festival Lazio Scacchi A Gennaio"]
[Site "Roma ITA"]
[Date "2014.01.03"]
[Round "3"]
[White "Medori, Marco"]
[Black "Vuelban, Virgilio"]
[WhiteElo "1914"]
[BlackElo "2304"]
[Result "0-1"]
[PlyCount "33"]
[EventDate "2014.01.02"]

1. e4 c5 2. Nc3 Nc6 3. g3 g6 4. Bg2 Bg7 5. d3 d6 6. Be3 Nf6 7. h3 O-O 8. Qd2
Nd4 9. Nd1 e5 10. c3 Nc6 11. Ne2 b6 12. Bh6 d5 13. Bxg7 Kxg7 14. Ne3 Be6 15.
exd5 Nxd5 16. c4 Nde7 17. Nd5 0-1

[Event "II Festival Lazio Scacchi A Gennaio"]
[Site "Roma ITA"]
[Date "2014.01.03"]
[Round "3"]
[White "Sipione, Luigi"]
[Black "Sindoni, Antonio"]
[WhiteElo "1970"]
[BlackElo "1911"]
[Result "1/2-1/2"]
[PlyCount "117"]
[EventDate "2014.01.02"]

1. d4 Nf6 2. c4 c5 3. d5 b5 4. Qc2 bxc4 5. e4 d6 6. Bxc4 g6 7. Nc3 Bg7 8. Nf3
O-O 9. O-O Ba6 10. Bxa6 Nxa6 11. Bf4 Rb8 12. Rad1 Nd7 13. Rfe1 Qb6 14. b3 Qb4
15. Bd2 c4 16. bxc4 Qxc4 17. Qa4 Qxa4 18. Nxa4 Nac5 19. Nxc5 Nxc5 20. Rb1 Bf6
21. Kf1 Rfc8 22. Bh6 Rxb1 23. Rxb1 Nxe4 24. Rb7 Ra8 25. g4 Nc3 26. g5 Bg7 27.
Rxe7 Nxd5 28. Rd7 Nc3 29. a3 Nb5 30. a4 Nc3 31. a5 Nb5 32. Ke2 a6 33. Bxg7 Kxg7
34. Kd3 Ra7 35. Rd8 Rc7 36. Nd4 Rc3+ 37. Kd2 Rc5 38. Nxb5 Rxb5 39. Rxd6 Rxa5
40. f4 Ra2+ 41. Ke3 a5 42. Ra6 h5 43. gxh6+ Kxh6 44. f5 Rxh2 45. fxg6 fxg6 46.
Rxa5 Rh5 47. Ra6 Rf5 48. Ra2 Kg5 49. Rg2+ Kf6 50. Rf2 Rxf2 51. Kxf2 Kg5 52. Kg3
Kf5 53. Kf3 g5 54. Kg3 g4 55. Kg2 Kf4 56. Kf2 g3+ 57. Kg2 Kg4 58. Kg1 Kf3 59.
Kf1 1/2-1/2

[Event "II Festival Lazio Scacchi A Gennaio"]
[Site "Roma ITA"]
[Date "2014.01.04"]
[Round "4"]
[White "Drasko, Milan"]
[Black "Lazic, Miroljub"]
[WhiteElo "2457"]
[BlackElo "2468"]
[Result "1/2-1/2"]
[PlyCount "24"]
[EventDate "2014.01.02"]

1. c4 g6 2. g3 c5 3. Bg2 Bg7 4. Nf3 Nc6 5. O-O e6 6. Nc3 Nge7 7. e3 O-O 8. d4
cxd4 9. Nxd4 Nxd4 10. exd4 d5 11. cxd5 Nxd5 12. Nxd5 exd5 1/2-1/2

[Event "II Festival Lazio Scacchi A Gennaio"]
[Site "Roma ITA"]
[Date "2014.01.04"]
[Round "4"]
[White "Machidon, Cristi"]
[Black "Lanzani, Mario"]
[WhiteElo "1877"]
[BlackElo "2305"]
[Result "1/2-1/2"]
[PlyCount "50"]
[EventDate "2014.01.02"]

1. d4 d5 2. c4 dxc4 3. Nc3 c5 4. e3 cxd4 5. exd4 e6 6. Bxc4 Nf6 7. Nf3 Be7 8.
O-O O-O 9. Ne5 Nc6 10. Be3 Nb4 11. Re1 a6 12. Bb3 Bd7 13. Qf3 Bc6 14. Nxc6 bxc6
15. Ne4 Nxe4 16. Qxe4 Nd5 17. Rac1 Qb6 18. Rc4 Rfc8 19. Rec1 a5 20. Ba4 Qxb2
21. R4c2 Nf6 22. Rxb2 Nxe4 23. Bxc6 Ba3 24. Bxa8 Rxa8 25. Rbc2 Bxc1 1/2-1/2

[Event "II Festival Lazio Scacchi A Gennaio"]
[Site "Roma ITA"]
[Date "2014.01.04"]
[Round "4"]
[White "Albertini, Luca"]
[Black "Wollenweber, Carsten"]
[WhiteElo "2148"]
[BlackElo "2131"]
[Result "1/2-1/2"]
[PlyCount "31"]
[EventDate "2014.01.02"]

1. e4 d6 2. d4 Nf6 3. Nc3 Nc6 4. f3 e5 5. d5 Nd4 6. Be3 c5 7. dxc6 Nxc6 8. Bc4
Be7 9. Nge2 O-O 10. O-O Be6 11. Bb3 Nd7 12. Nb5 Nb6 13. Kh1 Nc4 14. Bxc4 Bxc4
15. Na3 d5 16. Nxc4 1/2-1/2

[Event "II Festival Lazio Scacchi A Gennaio"]
[Site "Roma ITA"]
[Date "2014.01.04"]
[Round "4"]
[White "Palermo, Stefano"]
[Black "Rocchi, Federico"]
[WhiteElo "2121"]
[BlackElo "1878"]
[Result "1-0"]
[PlyCount "81"]
[EventDate "2014.01.02"]

1. e4 g6 2. d4 Bg7 3. Nc3 c5 4. Nf3 cxd4 5. Nxd4 Nc6 6. Be3 d6 7. f3 Qb6 8. Bb5
Bd7 9. Nd5 Qa5+ 10. Bd2 Qd8 11. Bc3 Nf6 12. Nxc6 bxc6 13. Nxf6+ Bxf6 14. Bxf6
exf6 15. Bc4 Be6 16. Bb3 Qa5+ 17. c3 Rd8 18. O-O O-O 19. Qd4 Kg7 20. f4 Qb6 21.
Qxb6 axb6 22. Rfd1 f5 23. Bc2 fxe4 24. Bxe4 d5 25. Bf3 Rd6 26. b4 Rfd8 27. Kf2
d4 28. cxd4 Rxd4 29. a4 Rxd1 30. Rxd1 Rc8 31. Rd6 b5 32. a5 c5 33. Bb7 Rc7 34.
a6 Bc8 35. Rb6 cxb4 36. Rxb5 Rc2+ 37. Ke3 Rc4 38. Kd3 Be6 39. a7 Rxf4 40. a8=Q
Bc4+ 41. Ke3 1-0